Brawlers Brawl Stars - Statistiques

Statistiques générales
  • Ce quiz a été pris 305 fois
    163 depuis la dernière actualisation
  • Le résultat moyen est 54 sur 86
Statistiques - réponses
rareté brawlers % Correct
premier brawler 1 Shelly
97%
rare 2 Colt
93%
rare 5 Bull
89%
rare 3 Nita
89%
rare 8 Poco
85%
rare 10 Bartaba
84%
rare 7 Rosa
84%
rare 9 El Costo
83%
légendaire 70 Spike
82%
rare 6 Brock
81%
légendaire 71 Corbac
78%
épique 23 Polly
77%
super rare 4 Jessie
76%
légendaire 72 Léon
76%
légendaire 86 Kenji
75%
super rare 14 Ricochet
75%
légendaire 79 Kit
73%
épique 29 Edgar
72%
épique 25 Frank
72%
super rare 19 Gus
72%
mythique 45 Mortis
72%
légendaire 74 Ambre
71%
légendaire 76 Surge
71%
épique 20 Bo
69%
super rare 16 Penny
69%
mythique 55 Buzz
68%
légendaire 75 Meg
68%
épique 24 Pam
67%
épique 39 Mandy
66%
légendaire 77 Chester
65%
légendaire 80 Draco
65%
super rare 11 Dynamike
65%
super rare 18 Jacky
65%
légendaire 78 Cordelius
64%
super rare 15 Darryl
64%
épique 21 Eliza
64%
super rare 13 Arkad
63%
épique 26 Billie
63%
super rare 17 Carl
62%
légendaire 73 Emerie
62%
mythique 46 Tara
62%
épique 31 Grom
61%
mythique 85 Juju
61%
épique 38 Sam
61%
épique 22 Stu
61%
super rare 12 Tick
61%
épique 27 Béa
60%
épique 35 Belle
60%
mythique 69 Lily
60%
épique 34 Colette
59%
mythique 53 Lou
59%
mythique 48 Max
58%
mythique 68 Melodi
58%
épique 33 Gaël
57%
mythique 54 Médor
56%
épique 81 Berry
55%
épique 41 Hank
55%
mythique 67 Mico
55%
mythique 47 Djinn
54%
mythique 58 Janet
54%
épique 36 Ash
53%
mythique 51 Byron
53%
mythique 56 Fang
53%
épique 30 Griff
53%
mythique 60 Buster
52%
mythique 57 Eve
52%
mythique 61 Gray
52%
mythique 84 Moe
52%
épique 28 Nani
52%
mythique 63 Willow
52%
mythique 50 Wally
51%
épique 40 Maisie
50%
mythique 49 Monsieur M
50%
épique 82 Shade
50%
mythique 52 Squeak
50%
épique 37 Lola
49%
épique 42 Pearl
49%
épique 32 Bonnie
48%
mythique 65 Chuck
47%
épique 44 Angelo
45%
mythique 59 Otis
45%
mythique 83 Clancy
44%
mythique 66 Charlie
43%
mythique 62 Rt
43%
épique 43 Larry et Lawrie
42%
mythique 64 Doug
36%
Aucun quiz correspondant
Distribution des résultats
% des personnes avec chaque résultat
Percentile par nombre de réponses
Votre historique - résultats
Vous n’avez pas pris ce quiz depuis la dernière actualisation